[Event "ODJM A 2023"]
[Site "Willingen GER"]
[Date "2023.05.31"]
[Round "5"]
[White "Kieselbach, Marvin"]
[Black "Mader, Fabian"]
[Result "1-0"]
[Termination "normal"]
[Board "19"]
[WhiteElo "1850"]
[BlackElo "1889"]
[WhiteClock "00:03:39"]
[BlackClock "00:01:23"]
[PlyCount "159"]
[WhiteFideId "16235770"]
[BlackFideId "16265866"]
[EventCountry "GER"]
[EventRounds "9"]
[EventType "swiss"]
[EventDate "2023.05.27"]

1. d4 {[%clk 01:30:45]} {[%emt 00:00:14]} Nf6 {[%clk 01:30:51]} {[%emt
00:00:10]} 2. Nf3 {[%clk 01:31:04]} {[%emt 00:00:10]} g6 {[%clk 01:31:12]}
{[%emt 00:00:10]} 3. Nc3 {[%clk 01:30:41]} {[%emt 00:00:54]} d5 {[%clk
01:31:31]} {[%emt 00:00:10]} 4. Bf4 {[%clk 01:31:04]} {[%emt 00:00:06]} Bg7
{[%clk 01:31:45]} {[%emt 00:00:17]} 5. e3 {[%clk 01:31:24]} {[%emt 00:00:10]}
O-O {[%clk 01:31:59]} {[%emt 00:00:16]} 6. Be2 {[%clk 01:31:27]} {[%emt
00:00:26]} a6 {[%clk 01:29:29]} {[%emt 00:03:02]} 7. Ne5 {[%clk 01:29:46]}
{[%emt 00:02:09]} c5 {[%clk 01:25:31]} {[%emt 00:04:29]} 8. dxc5 {[%clk
01:22:35]} {[%emt 00:07:41]} Qa5 {[%clk 01:25:15]} {[%emt 00:00:46]} 9. O-O
{[%clk 01:22:33]} {[%emt 00:00:32]} Qxc5 {[%clk 01:24:37]} {[%emt 00:01:08]}
10. Nd3 {[%clk 01:19:37]} {[%emt 00:03:25]} Qa5 {[%clk 01:17:23]} {[%emt
00:07:45]} 11. Bf3 {[%clk 01:15:24]} {[%emt 00:04:43]} Bf5 {[%clk 01:12:37]}
{[%emt 00:05:16]} 12. Nc1 {[%clk 00:53:20]} {[%emt 00:22:33]} Rd8 {[%clk
01:09:01]} {[%emt 00:04:07]} 13. Nb3 {[%clk 00:42:16]} {[%emt 00:11:34]} Qb6
{[%clk 01:08:08]} {[%emt 00:03:22]} 14. a4 {[%clk 00:39:01]} {[%emt 00:01:45]}
a5 {[%clk 00:57:07]} {[%emt 00:11:31]} 15. Nb5 {[%clk 00:25:43]} {[%emt
00:13:48]} Na6 {[%clk 00:56:06]} {[%emt 00:01:32]} 16. c3 {[%clk 00:24:00]}
{[%emt 00:02:12]} Rac8 {[%clk 00:52:43]} {[%emt 00:03:53]} 17. Qd4 {[%clk
00:22:42]} {[%emt 00:01:48]} Nc5 {[%clk 00:39:08]} {[%emt 00:14:06]} 18. Nxc5
{[%clk 00:09:32]} {[%emt 00:13:40]} Ne4 {[%clk 00:34:42]} {[%emt 00:04:56]} 19.
Nd7 {[%clk 00:09:09]} {[%emt 00:00:52]} Bxd4 {[%clk 00:30:37]} {[%emt
00:04:35]} 20. Nxb6 {[%clk 00:09:32]} {[%emt 00:00:07]} Bxb6 {[%clk 00:31:02]}
{[%emt 00:00:06]} 21. Rfd1 {[%clk 00:07:37]} {[%emt 00:02:24]} f6 {[%clk
00:26:13]} {[%emt 00:05:20]} 22. g4 {[%clk 00:07:14]} {[%emt 00:00:53]} Be6
{[%clk 00:25:27]} {[%emt 00:01:15]} 23. Bc7 {[%clk 00:06:03]} {[%emt 00:01:40]}
Bxc7 {[%clk 00:15:41]} {[%emt 00:10:17]} 24. Nxc7 {[%clk 00:06:32]} Rxc7 {[%clk
00:16:04]} {[%emt 00:00:08]} 25. Bxe4 {[%clk 00:06:55]} {[%emt 00:00:07]} Kg7
{[%clk 00:16:05]} {[%emt 00:00:28]} 26. Bf3 {[%clk 00:07:00]} {[%emt 00:00:25]}
Rd6 {[%clk 00:14:12]} {[%emt 00:02:24]} 27. Rd2 {[%clk 00:07:23]} {[%emt
00:00:07]} Bf7 {[%clk 00:13:59]} {[%emt 00:00:43]} 28. Rad1 {[%clk 00:07:37]}
{[%emt 00:00:16]} Rb6 {[%clk 00:12:01]} {[%emt 00:02:28]} 29. Bxd5 {[%clk
00:04:14]} {[%emt 00:03:52]} Bxd5 {[%clk 00:11:55]} {[%emt 00:00:36]} 30. Rxd5
{[%clk 00:04:40]} {[%emt 00:00:04]} Rxb2 {[%clk 00:12:18]} {[%emt 00:00:07]}
31. Rxa5 {[%clk 00:03:33]} {[%emt 00:01:37]} Rxc3 {[%clk 00:12:15]} {[%emt
00:00:33]} 32. Rd7 {[%clk 00:03:54]} {[%emt 00:00:09]} Rcc2 {[%clk 00:09:29]}
{[%emt 00:03:16]} 33. Rxe7+ {[%clk 00:04:04]} {[%emt 00:00:21]} Kh6 {[%clk
00:09:38]} {[%emt 00:00:21]} 34. g5+ {[%clk 00:04:26]} {[%emt 00:00:08]} fxg5
{[%clk 00:09:36]} {[%emt 00:00:32]} 35. Rf7 {[%clk 00:04:50]} {[%emt 00:00:05]}
Rb1+ {[%clk 00:07:37]} {[%emt 00:02:29]} 36. Kg2 {[%clk 00:05:13]} {[%emt
00:00:07]} Rcc1 {[%clk 00:07:48]} {[%emt 00:00:20]} 37. Rb5 {[%clk 00:03:52]}
{[%emt 00:01:51]} g4 {[%clk 00:06:26]} {[%emt 00:01:52]} 38. Rxb1 {[%clk
00:02:42]} {[%emt 00:01:40]} Rxb1 {[%clk 00:06:51]} {[%emt 00:00:05]} 39. a5
{[%clk 00:01:38]} {[%emt 00:01:34]} Rb5 {[%clk 00:06:10]} {[%emt 00:01:10]} 40.
Kg3 {[%clk 00:01:44]} {[%emt 00:00:24]} Rxa5 {[%clk 00:06:02]} {[%emt
00:00:39]} 41. Rxb7 {[%clk 00:02:06]} {[%emt 00:00:08]} Ra4 {[%clk 00:05:49]}
{[%emt 00:00:43]} 42. Rd7 {[%clk 00:28:34]} {[%emt 00:04:01]} Kg5 {[%clk
00:28:41]} {[%emt 00:07:38]} 43. Rxh7 {[%clk 00:26:08]} {[%emt 00:02:56]} Ra1
{[%clk 00:28:22]} {[%emt 00:00:49]} 44. Kg2 {[%clk 00:26:18]} {[%emt 00:00:19]}
Re1 {[%clk 00:28:07]} {[%emt 00:00:46]} 45. Rd7 {[%clk 00:25:27]} {[%emt
00:01:20]} Kf5 {[%clk 00:27:42]} {[%emt 00:00:56]} 46. Rd5+ {[%clk 00:25:34]}
{[%emt 00:00:22]} Kf6 {[%clk 00:27:40]} {[%emt 00:00:32]} 47. h3 {[%clk
00:18:19]} {[%emt 00:07:45]} gxh3+ {[%clk 00:26:29]} {[%emt 00:01:42]} 48. Kxh3
{[%clk 00:18:37]} {[%emt 00:00:12]} Ke6 {[%clk 00:23:53]} {[%emt 00:03:05]} 49.
Ra5 {[%clk 00:18:52]} {[%emt 00:00:12]} Rg1 {[%clk 00:24:03]} {[%emt 00:00:23]}
50. Kh2 {[%clk 00:19:00]} {[%emt 00:00:21]} Rd1 {[%clk 00:23:59]} {[%emt
00:00:36]} 51. Kg2 {[%clk 00:19:16]} {[%emt 00:00:14]} Rd6 {[%clk 00:23:50]}
{[%emt 00:00:39]} 52. f4 {[%clk 00:19:30]} {[%emt 00:00:16]} Kf6 {[%clk
00:23:16]} {[%emt 00:01:05]} 53. Kf3 {[%clk 00:19:46]} {[%emt 00:00:14]} Rb6
{[%clk 00:23:08]} {[%emt 00:00:38]} 54. Kg4 {[%clk 00:18:10]} {[%emt 00:02:05]}
Re6 {[%clk 00:22:16]} {[%emt 00:01:23]} 55. Kf3 {[%clk 00:18:03]} {[%emt
00:00:37]} Rb6 {[%clk 00:22:24]} {[%emt 00:00:22]} 56. e4 {[%clk 00:18:04]}
{[%emt 00:00:29]} Rb3+ {[%clk 00:21:13]} {[%emt 00:01:41]} 57. Kg4 {[%clk
00:18:26]} {[%emt 00:00:07]} Rb1 {[%clk 00:20:50]} {[%emt 00:00:54]} 58. Ra6+
{[%clk 00:17:06]} {[%emt 00:01:50]} Kf7 {[%clk 00:20:54]} {[%emt 00:00:26]} 59.
Ra7+ {[%clk 00:16:28]} {[%emt 00:01:08]} Ke6 {[%clk 00:16:50]} {[%emt
00:04:34]} 60. Ra6+ {[%clk 00:09:45]} {[%emt 00:07:13]} Kf7 {[%clk 00:17:13]}
{[%emt 00:00:07]} 61. Ra3 {[%clk 00:08:41]} {[%emt 00:01:34]} Rg1+ {[%clk
00:15:58]} {[%emt 00:01:45]} 62. Rg3 {[%clk 00:09:04]} {[%emt 00:00:06]} Re1
{[%clk 00:15:41]} {[%emt 00:00:48]} 63. e5 {[%clk 00:09:24]} {[%emt 00:00:10]}
Rf1 {[%clk 00:14:58]} {[%emt 00:01:13]} 64. Kg5 {[%clk 00:09:31]} {[%emt
00:00:23]} Rf2 {[%clk 00:12:23]} {[%emt 00:03:05]} 65. Rg4 {[%clk 00:08:12]}
{[%emt 00:01:49]} Re2 {[%clk 00:10:00]} {[%emt 00:02:53]} 66. Rh4 {[%clk
00:05:20]} {[%emt 00:03:22]} Rg2+ {[%clk 00:09:21]} {[%emt 00:01:09]} 67. Rg4
{[%clk 00:05:13]} {[%emt 00:00:37]} Re2 {[%clk 00:09:44]} {[%emt 00:00:07]} 68.
Kh4 {[%clk 00:05:26]} {[%emt 00:00:17]} Re3 {[%clk 00:08:28]} {[%emt 00:01:46]}
69. Rg3 {[%clk 00:05:48]} {[%emt 00:00:07]} Re1 {[%clk 00:08:34]} {[%emt
00:00:26]} 70. Kg4 {[%clk 00:06:11]} {[%emt 00:00:06]} Rf1 {[%clk 00:08:03]}
{[%emt 00:01:00]} 71. Rg2 {[%clk 00:06:02]} {[%emt 00:00:39]} Ra1 {[%clk
00:07:49]} {[%emt 00:00:46]} 72. Rd2 {[%clk 00:06:13]} {[%emt 00:00:18]} Rg1+
{[%clk 00:05:55]} {[%emt 00:02:24]} 73. Kf3 {[%clk 00:06:37]} {[%emt 00:00:06]}
Rf1+ {[%clk 00:05:34]} {[%emt 00:00:51]} 74. Ke4 {[%clk 00:07:02]} {[%emt
00:00:05]} Re1+ {[%clk 00:04:53]} {[%emt 00:01:11]} 75. Kd5 {[%clk 00:07:23]}
{[%emt 00:00:08]} Rf1 {[%clk 00:05:05]} {[%emt 00:00:19]} 76. Kd6 {[%clk
00:05:31]} {[%emt 00:02:22]} Rxf4 {[%clk 00:01:25]} {[%emt 00:04:10]} 77. Kd7
{[%clk 00:05:25]} {[%emt 00:00:35]} g5 {[%clk 00:00:35]} {[%emt 00:01:21]} 78.
e6 {[%clk 00:05:28]} {[%emt 00:00:26]} Kf6 {[%clk 00:00:59]} {[%emt 00:00:06]}
79. e7 {[%clk 00:04:35]} {[%emt 00:01:23]} Re4 {[%clk 00:01:23]} {[%emt
00:00:06]} 80. Rf2+ {[%clk 00:03:39]} {[%emt 00:01:26]} 1-0

[Event "ODJM A 2023"]
[Site "Willingen GER"]
[Date "2023.05.31"]
[Round "5"]
[White "Nguyen, Phuc Nhat"]
[Black "Mehner, Lorenz"]
[Result "0-1"]
[Termination "normal"]
[Board "20"]
[WhiteElo "1929"]
[BlackElo "1681"]
[WhiteClock "00:02:20"]
[BlackClock "00:01:30"]
[PlyCount "135"]
[WhiteFideId "16253590"]
[BlackFideId "16293096"]
[EventCountry "GER"]
[EventRounds "9"]
[EventType "swiss"]
[EventDate "2023.05.27"]

1. e4 {[%clk 01:30:57]} {[%emt 00:00:03]} c5 {[%clk 01:30:49]} {[%emt
00:00:10]} 2. Nf3 {[%clk 01:31:21]} {[%emt 00:00:05]} d6 {[%clk 01:31:10]}
{[%emt 00:00:11]} 3. d4 {[%clk 01:31:46]} {[%emt 00:00:04]} cxd4 {[%clk
01:31:31]} {[%emt 00:00:09]} 4. Nxd4 {[%clk 01:32:13]} {[%emt 00:00:03]} Nf6
{[%clk 01:31:50]} {[%emt 00:00:11]} 5. Nc3 {[%clk 01:32:39]} {[%emt 00:00:05]}
g6 {[%clk 01:32:07]} {[%emt 00:00:12]} 6. Be3 {[%clk 01:32:27]} {[%emt
00:00:41]} Bg7 {[%clk 01:32:25]} {[%emt 00:00:13]} 7. f3 {[%clk 01:32:51]}
{[%emt 00:00:06]} O-O {[%clk 01:32:36]} 8. Qd2 {[%clk 01:33:15]} {[%emt
00:00:25]} Nc6 {[%clk 01:32:43]} 9. Bc4 {[%clk 01:33:35]} {[%emt 00:00:33]} Bd7
{[%clk 01:32:35]} 10. O-O-O {[%clk 01:33:58]} {[%emt 00:00:45]} Rc8 {[%emt
00:00:58]} 11. Bb3 Ne5 {[%clk 01:31:27]} {[%emt 00:01:17]} 12. Kb1 {[%clk
01:34:44]} {[%emt 00:00:06]} Nc4 {[%clk 01:30:13]} {[%emt 00:01:45]} 13. Bxc4
{[%clk 01:33:10]} {[%emt 00:02:04]} Rxc4 {[%clk 01:30:35]} {[%emt 00:00:08]}
14. g4 {[%clk 01:33:37]} {[%emt 00:00:03]} Qa5 {[%clk 01:05:48]} {[%emt
00:25:18]} 15. h4 {[%emt 00:39:42]} Rfc8 {[%clk 00:54:11]} {[%emt 00:06:54]}
16. Nb3 {[%clk 00:55:29]} {[%emt 00:04:37]} Qa6 {[%clk 00:45:56]} 17. h5 {[%clk
00:53:57]} {[%emt 00:10:48]} Bxg4 {[%clk 00:13:09]} 18. fxg4 {[%clk 00:40:05]}
{[%emt 00:47:38]} Rxc3 {[%clk 00:11:10]} 19. bxc3 {[%clk 00:39:15]} {[%emt
00:03:50]} Nxe4 {[%clk 00:10:59]} 20. Qd3 {[%clk 00:39:15]} Nxc3+ {[%clk
00:10:59]} 21. Kc1 {[%clk 00:38:54]} {[%emt 00:02:58]} Qa3+ {[%clk 00:09:46]}
22. Kd2 {[%clk 00:37:39]} {[%emt 00:03:02]} Nxd1 {[%clk 00:07:50]} 23. Kxd1
{[%clk 00:35:49]} Qxa2 {[%clk 00:07:50]} 24. hxg6 {[%clk 00:35:49]} {[%emt
00:02:27]} hxg6 {[%emt 00:04:44]} 25. Qe2 {[%clk 00:26:52]} {[%emt 00:06:43]}
a5 {[%clk 00:03:32]} 26. Qh2 {[%clk 00:25:32]} {[%emt 00:05:06]} Qb1+ {[%clk
00:01:53]} 27. Nc1 {[%clk 00:25:30]} {[%emt 00:02:43]} a4 {[%clk 00:01:05]} 28.
Qh7+ {[%clk 00:23:56]} {[%emt 00:03:22]} Kf8 {[%clk 00:01:33]} {[%emt
00:00:01]} 29. Rh2 {[%clk 00:22:02]} {[%emt 00:02:24]} Qa1 {[%clk 00:01:05]}
{[%emt 00:00:59]} 30. Bh6 {[%clk 00:11:45]} {[%emt 00:10:46]} Bxh6 {[%clk
00:00:59]} {[%emt 00:00:37]} 31. Qxh6+ {[%clk 00:08:52]} {[%emt 00:03:23]} Ke8
{[%clk 00:01:06]} {[%emt 00:00:23]} 32. Qe3 {[%clk 00:04:54]} {[%emt 00:04:27]}
Rc5 {[%clk 00:01:16]} {[%emt 00:00:21]} 33. Rd2 {[%clk 00:04:39]} {[%emt
00:00:46]} Qe5 {[%clk 00:00:59]} {[%emt 00:00:45]} 34. Qf3 {[%clk 00:02:42]}
{[%emt 00:02:26]} Rb5 {[%clk 00:00:51]} {[%emt 00:00:40]} 35. Qe2 {[%clk
00:00:36]} {[%emt 00:02:37]} Qxe2+ {[%emt 00:00:25]} 36. Kxe2 {[%clk 00:00:34]}
{[%emt 00:00:30]} Rb4 {[%clk 00:01:04]} {[%emt 00:00:23]} 37. Kf3 {[%clk
00:00:55]} {[%emt 00:00:08]} Kd7 {[%clk 00:01:23]} {[%emt 00:00:12]} 38. c3
{[%clk 00:00:46]} {[%emt 00:00:39]} Rc4 {[%clk 00:01:32]} {[%emt 00:00:21]} 39.
Ne2 {[%clk 00:01:03]} {[%emt 00:00:13]} e5 {[%clk 00:01:39]} {[%emt 00:00:24]}
40. Rd1 {[%clk 00:00:36]} {[%emt 00:00:56]} b5 {[%clk 00:01:45]} {[%emt
00:00:24]} 41. Rb1 {[%clk 00:27:37]} {[%emt 00:03:29]} Kc6 {[%clk 00:28:43]}
{[%emt 00:03:32]} 42. g5 {[%clk 00:27:23]} {[%emt 00:00:43]} d5 {[%clk
00:25:28]} {[%emt 00:03:45]} 43. Rf1 {[%clk 00:20:56]} {[%emt 00:06:58]} b4
{[%clk 00:17:24]} {[%emt 00:08:34]} 44. cxb4 {[%clk 00:19:46]} {[%emt
00:01:40]} Rxb4 {[%clk 00:17:39]} {[%emt 00:00:15]} 45. Kg3 {[%clk 00:16:44]}
{[%emt 00:03:32]} Rb2 {[%clk 00:10:23]} {[%emt 00:07:47]} 46. Rf6+ {[%clk
00:07:15]} {[%emt 00:09:58]} Kc5 {[%clk 00:09:07]} {[%emt 00:01:46]} 47. Kf3
{[%clk 00:07:37]} {[%emt 00:00:07]} Rb1 {[%clk 00:01:28]} {[%emt 00:08:09]} 48.
Ra6 {[%clk 00:06:19]} {[%emt 00:01:49]} Rb3+ {[%clk 00:01:31]} {[%emt
00:00:27]} 49. Kf2 {[%clk 00:06:22]} {[%emt 00:00:27]} a3 {[%clk 00:01:35]}
{[%emt 00:00:27]} 50. Nc1 {[%clk 00:03:50]} {[%emt 00:03:01]} Rc3 {[%clk
00:01:30]} {[%emt 00:00:35]} 51. Ra8 {[%clk 00:03:08]} {[%emt 00:01:11]} Rxc1
{[%clk 00:00:47]} {[%emt 00:01:14]} 52. Rc8+ {[%clk 00:03:33]} {[%emt
00:00:05]} Kb4 {[%clk 00:01:07]} {[%emt 00:00:10]} 53. Rxc1 {[%clk 00:04:01]}
{[%emt 00:00:03]} a2 {[%clk 00:00:37]} {[%emt 00:00:59]} 54. Ke2 {[%clk
00:04:24]} {[%emt 00:00:06]} Kb3 {[%clk 00:00:44]} {[%emt 00:00:23]} 55. Kd2
{[%clk 00:04:47]} {[%emt 00:00:08]} d4 {[%clk 00:00:53]} {[%emt 00:00:21]} 56.
Kd1 {[%clk 00:04:07]} {[%emt 00:01:10]} d3 {[%clk 00:01:01]} {[%emt 00:00:23]}
57. Kd2 {[%clk 00:04:17]} {[%emt 00:00:19]} e4 {[%clk 00:01:13]} {[%emt
00:00:17]} 58. Re1 {[%clk 00:04:19]} {[%emt 00:00:28]} Kb2 {[%clk 00:01:02]}
{[%emt 00:00:41]} 59. Rxe4 {[%clk 00:00:41]} {[%emt 00:04:08]} a1=Q {[%clk
00:01:18]} {[%emt 00:00:15]} 60. Kxd3 {[%clk 00:00:31]} {[%emt 00:00:40]} Qf1+
{[%clk 00:01:16]} {[%emt 00:00:31]} 61. Re2+ {[%clk 00:00:40]} {[%emt
00:00:22]} Kb3 {[%clk 00:01:30]} {[%emt 00:00:17]} 62. Ke3 {[%clk 00:00:55]}
{[%emt 00:00:15]} Qf5 {[%clk 00:01:32]} {[%emt 00:00:25]} 63. Rg2 {[%clk
00:01:14]} {[%emt 00:00:13]} Kc4 {[%clk 00:01:17]} {[%emt 00:00:46]} 64. Rg3
{[%clk 00:01:32]} {[%emt 00:00:11]} Kd5 {[%clk 00:01:20]} {[%emt 00:00:27]} 65.
Ke2 {[%clk 00:01:44]} {[%emt 00:00:18]} Qe5+ {[%clk 00:01:15]} {[%emt
00:00:36]} 66. Kf3 {[%clk 00:02:10]} {[%emt 00:00:04]} Qxg3+ {[%clk 00:01:10]}
{[%emt 00:00:36]} 67. Kxg3 {[%clk 00:02:37]} {[%emt 00:00:02]} Ke5 {[%clk
00:01:30]} {[%emt 00:00:10]} 68. Kg4 {[%clk 00:02:20]} {[%emt 00:00:47]} 0-1

[Event "ODJM A 2023"]
[Site "Willingen GER"]
[Date "2023.05.31"]
[Round "5"]
[White "Longo, Massimo"]
[Black "Gluma, Christian"]
[Result "0-1"]
[Termination "normal"]
[Board "21"]
[WhiteElo "1890"]
[BlackElo "2161"]
[WhiteClock "00:07:12"]
[BlackClock "00:01:58"]
[PlyCount "76"]
[WhiteFideId "16205227"]
[BlackFideId "16223209"]
[EventCountry "GER"]
[EventRounds "9"]
[EventType "swiss"]
[EventDate "2023.05.27"]

1. d4 {[%clk 01:30:57]} {[%emt 00:00:03]} d6 {[%clk 01:30:56]} {[%emt
00:00:04]} 2. Nc3 {[%clk 01:30:59]} {[%emt 00:00:27]} g6 {[%clk 01:22:49]}
{[%emt 00:08:36]} 3. e4 {[%clk 01:30:32]} {[%emt 00:00:58]} Nf6 {[%clk
01:23:02]} {[%emt 00:00:17]} 4. Be3 {[%clk 01:28:50]} {[%emt 00:02:12]} a6
{[%clk 01:19:52]} {[%emt 00:04:23]} 5. Be2 {[%clk 01:24:26]} {[%emt 00:04:12]}
Bg7 {[%clk 01:17:35]} {[%emt 00:02:47]} 6. f4 {[%clk 01:16:19]} {[%emt
00:08:37]} O-O {[%clk 01:12:14]} {[%emt 00:05:52]} 7. h3 {[%clk 01:04:54]}
{[%emt 00:11:55]} b5 {[%clk 01:07:10]} {[%emt 00:05:35]} 8. e5 {[%clk
01:03:02]} {[%emt 00:02:22]} Nfd7 {[%clk 01:04:39]} {[%emt 00:03:00]} 9. Bf3
{[%clk 01:03:25]} {[%emt 00:00:07]} c6 {[%clk 01:03:56]} {[%emt 00:01:13]} 10.
Nge2 {[%clk 00:53:01]} {[%emt 00:10:55]} Qc7 {[%clk 00:58:17]} {[%emt
00:06:09]} 11. O-O {[%clk 00:45:40]} {[%emt 00:07:50]} Bb7 {[%clk 00:52:52]}
{[%emt 00:05:56]} 12. Ne4 {[%clk 00:39:49]} {[%emt 00:06:20]} Nb6 {[%clk
00:47:59]} {[%emt 00:05:23]} 13. b3 {[%clk 00:35:43]} {[%emt 00:04:37]} N8d7
{[%clk 00:38:49]} {[%emt 00:09:40]} 14. Rc1 {[%clk 00:33:25]} {[%emt 00:02:47]}
Rac8 {[%clk 00:25:47]} {[%emt 00:13:32]} 15. c4 {[%clk 00:30:51]} {[%emt
00:03:05]} bxc4 {[%clk 00:24:50]} {[%emt 00:01:27]} 16. bxc4 {[%clk 00:31:11]}
{[%emt 00:00:09]} c5 {[%clk 00:21:56]} {[%emt 00:03:25]} 17. exd6 {[%clk
00:31:18]} {[%emt 00:00:22]} exd6 {[%clk 00:22:11]} {[%emt 00:00:15]} 18. d5
{[%clk 00:30:51]} {[%emt 00:00:57]} Rfe8 {[%clk 00:21:30]} {[%emt 00:01:11]}
19. Qd3 {[%clk 00:24:56]} {[%emt 00:06:23]} Re7 {[%clk 00:19:53]} {[%emt
00:02:08]} 20. Bf2 {[%clk 00:22:11]} {[%emt 00:03:15]} a5 {[%clk 00:14:40]}
{[%emt 00:05:44]} 21. Bh4 {[%clk 00:19:21]} {[%emt 00:03:19]} Ree8 {[%clk
00:14:50]} {[%emt 00:00:20]} 22. Nd2 {[%clk 00:16:53]} {[%emt 00:02:59]} Ba6
{[%clk 00:13:29]} {[%emt 00:01:50]} 23. Nc3 {[%clk 00:13:53]} {[%emt 00:03:30]}
Re3 {[%clk 00:12:56]} {[%emt 00:01:03]} 24. Qxe3 {[%clk 00:13:17]} {[%emt
00:01:07]} Bd4 {[%clk 00:13:11]} {[%emt 00:00:15]} 25. Nd1 {[%clk 00:13:40]}
{[%emt 00:00:06]} Re8 {[%clk 00:12:09]} {[%emt 00:01:33]} 26. Bf2 {[%clk
00:14:01]} {[%emt 00:00:08]} Bxe3 {[%clk 00:12:33]} {[%emt 00:00:07]} 27. Nxe3
{[%clk 00:14:18]} {[%emt 00:00:12]} Nf6 {[%clk 00:11:24]} {[%emt 00:01:39]} 28.
Kh2 {[%clk 00:13:31]} {[%emt 00:00:47]} Nc8 {[%clk 00:08:34]} {[%emt 00:03:20]}
29. g4 {[%clk 00:14:12]} {[%emt 00:00:19]} Ne7 {[%clk 00:07:45]} {[%emt
00:01:19]} 30. h4 {[%clk 00:12:57]} {[%emt 00:01:45]} Bc8 {[%clk 00:07:35]}
{[%emt 00:00:40]} 31. Rb1 {[%clk 00:10:46]} {[%emt 00:02:41]} h5 {[%clk
00:06:12]} {[%emt 00:01:53]} 32. gxh5 {[%clk 00:09:51]} {[%emt 00:01:26]} Nf5
{[%clk 00:05:47]} {[%emt 00:00:54]} 33. Ng4 {[%clk 00:07:09]} {[%emt 00:03:13]}
Nxg4+ {[%clk 00:04:16]} {[%emt 00:02:02]} 34. Bxg4 {[%clk 00:07:32]} {[%emt
00:00:06]} Ne3 {[%clk 00:04:30]} {[%emt 00:00:16]} 35. Bxe3 {[%clk 00:07:41]}
{[%emt 00:00:21]} Bxg4 {[%clk 00:04:16]} {[%emt 00:00:43]} 36. Rb3 {[%clk
00:07:03]} {[%emt 00:01:09]} Qe7 {[%clk 00:03:39]} {[%emt 00:01:08]} 37. Kg3
{[%clk 00:07:14]} {[%emt 00:00:19]} gxh5 {[%clk 00:02:31]} {[%emt 00:01:38]}
38. Rfb1 {[%clk 00:07:12]} {[%emt 00:00:32]} Qxe3+ {[%clk 00:01:58]} {[%emt
00:01:02]} 0-1

[Event "ODJM A 2023"]
[Site "Willingen GER"]
[Date "2023.05.31"]
[Round "5"]
[White "Ruddat, Jarne"]
[Black "Winkler, Yonathan"]
[Result "0-1"]
[Termination "normal"]
[Board "22"]
[WhiteElo "1846"]
[BlackElo "2007"]
[WhiteClock "00:27:42"]
[BlackClock "00:42:29"]
[PlyCount "53"]
[WhiteFideId "16254236"]
[BlackFideId "16266080"]
[EventCountry "GER"]
[EventRounds "9"]
[EventType "swiss"]
[EventDate "2023.05.27"]

1. e4 {[%clk 01:30:57]} {[%emt 00:00:03]} c5 {[%clk 01:30:54]} {[%emt
00:00:06]} 2. Nc3 {[%clk 01:31:22]} {[%emt 00:00:05]} Nc6 {[%clk 01:31:20]}
{[%emt 00:00:04]} 3. Bb5 {[%clk 01:29:28]} {[%emt 00:02:24]} e5 {[%clk
01:25:29]} {[%emt 00:06:20]} 4. Nf3 {[%clk 01:26:17]} {[%emt 00:03:42]} d6
{[%clk 01:25:14]} {[%emt 00:00:44]} 5. h3 {[%clk 01:20:18]} {[%emt 00:06:30]}
g6 {[%clk 01:23:46]} {[%emt 00:01:59]} 6. d3 {[%clk 01:20:25]} {[%emt
00:00:22]} h6 {[%clk 01:22:14]} {[%emt 00:02:02]} 7. Be3 {[%clk 01:14:42]}
{[%emt 00:06:12]} Bg7 {[%clk 01:22:31]} {[%emt 00:00:14]} 8. Qd2 {[%clk
01:12:04]} {[%emt 00:03:08]} Nge7 {[%clk 01:22:37]} {[%emt 00:00:23]} 9. Nd5
{[%clk 01:06:26]} {[%emt 00:06:09]} Be6 {[%clk 01:17:18]} {[%emt 00:05:48]} 10.
Nxe7 {[%clk 01:00:42]} {[%emt 00:06:15]} Qxe7 {[%clk 01:17:35]} {[%emt
00:00:12]} 11. c4 {[%clk 00:58:55]} {[%emt 00:02:18]} f5 {[%clk 01:12:42]}
{[%emt 00:05:23]} 12. Qc2 {[%clk 00:54:29]} {[%emt 00:04:57]} O-O {[%clk
01:10:53]} {[%emt 00:02:17]} 13. a3 {[%clk 00:41:05]} {[%emt 00:13:55]} Qf7
{[%clk 01:06:14]} {[%emt 00:05:08]} 14. Rc1 {[%clk 00:39:41]} {[%emt 00:01:55]}
Rab8 {[%clk 01:05:32]} {[%emt 00:01:12]} 15. Bd2 {[%clk 00:38:39]} {[%emt
00:01:32]} fxe4 {[%clk 00:58:21]} {[%emt 00:07:37]} 16. Bxc6 {[%clk 00:34:31]}
{[%emt 00:04:42]} exd3 {[%clk 00:58:10]} {[%emt 00:00:41]} 17. Qxd3 {[%clk
00:34:37]} {[%emt 00:00:24]} bxc6 {[%clk 00:58:35]} {[%emt 00:00:06]} 18. b3
{[%clk 00:31:00]} {[%emt 00:04:06]} d5 {[%clk 00:53:19]} {[%emt 00:05:45]} 19.
cxd5 {[%clk 00:30:31]} {[%emt 00:01:01]} cxd5 {[%clk 00:53:13]} {[%emt
00:00:35]} 20. Qe2 {[%clk 00:28:51]} {[%emt 00:02:10]} e4 {[%clk 00:51:45]}
{[%emt 00:01:58]} 21. Nh2 {[%clk 00:28:53]} {[%emt 00:00:28]} Rxb3 {[%clk
00:49:44]} {[%emt 00:02:31]} 22. Rxc5 {[%clk 00:29:05]} {[%emt 00:00:18]} Bd4
{[%clk 00:49:05]} {[%emt 00:01:08]} 23. Rc1 {[%clk 00:29:19]} {[%emt 00:00:17]}
Bxf2+ {[%clk 00:47:13]} {[%emt 00:02:22]} 24. Kd1 {[%clk 00:29:16]} {[%emt
00:00:33]} e3 {[%clk 00:46:16]} {[%emt 00:01:26]} 25. Bb4 {[%clk 00:29:04]}
{[%emt 00:00:42]} Qf5 {[%clk 00:43:25]} {[%emt 00:03:22]} 26. g4 {[%clk
00:27:42]} {[%emt 00:01:52]} Qe4 {[%clk 00:42:29]} {[%emt 00:01:25]} 27. Ra1
{[%emt 00:03:07]} 0-1